Plato Republic (Record no. 82034)

MARC details
000 -LEADER
fixed length control field 00285nam a2200121Ia 4500
008 - FIXED-LENGTH DATA ELEMENTS--GENERAL INFORMATION
fixed length control field 221102s9999 xx 000 0 und d
041 ## - LANGUAGE CODE
Language code of text/sound track or separate title eng
082 ## - DEWEY DECIMAL CLASSIFICATION NUMBER
Item number Wil
100 ## - MAIN ENTRY--PERSONAL NAME
Personal name William R. Gondin
9 (RLIN) 94897
245 ## - TITLE STATEMENT
Title Plato Republic
250 ## - EDITION STATEMENT
Edition statement 4
260 ## - PUBLICATION, DISTRIBUTION, ETC. (IMPRINT)
Name of publisher, distributor, etc. Rama Brothers
Date of publication, distribution, etc. 1905-07-02
Holdings
Withdrawn status Lost status Damaged status Not for loan Collection code Home library Current library Date acquired Full call number Barcode Date last seen Bill Date Koha item type Original Barcode
        BA College Of Computer Application For Women , Satara College Of Computer Application For Women , Satara 27/07/2021 WIL BCAS-B-571 04/11/2022 04/11/2022 Books B00571
        BA College Of Computer Application For Women , Satara College Of Computer Application For Women , Satara 27/07/2021 WIL BCAS-B-572 04/11/2022 04/11/2022 Books B00572